000 00873nam a2200265 a 4500
003 CO-ViMGA
005 20230915225026.0
008 010710s2004 sp a jr 0001j0spa d
020 _a8426134033
040 _aCO-ViMGA
_bspa
_cCO-ViMGA
041 1 _heng
043 _ae-uk-en
082 0 4 _aI823.91
_bC66p
_220 ed.
100 1 _aCooper, Helen.
_9725
245 1 4 _aUna pizca de pimienta /
_cHelen Cooper ; traducción castellana Christiane Reyes.
260 3 _aBarcelona :
_bEditorial Juventud,
_c2004.
300 _a[30] p. :
_bil. ;
_c27 cm.
534 _pTítulo original :
_tA pipkin of pepper.
650 1 4 _aCuentos infantiles ingleses.
_9103
650 1 4 _aSopas
_v Cuentos infantiles.
_9727
650 1 6 _aLibros ilustrados para niños.
_987
650 1 6 _aPimienta
_v Cuentos infantiles.
_9726
700 1 2 _aReyes, Christiane,
_etr.
_9728
942 _2ddc
_cBK
999 _c12123
_d12123